Where the internet lives (Record no. 80009)

MARC details
000 -LEADER
fixed length control field 00922cab a22001935a 4500
001 - CONTROL NUMBER
control field L143002
008 - FIXED-LENGTH DATA ELEMENTS--GENERAL INFORMATION
fixed length control field 080401e20080320xxk f 000 0 eng d
035 ## - SYSTEM CONTROL NUMBER
System control number (Sirsi) u143002
041 0# - LANGUAGE CODE
Language code of text/sound track or separate title eng
100 1# - MAIN ENTRY--PERSONAL NAME
Personal name Parsley, David
245 00 - TITLE STATEMENT
Title Where the internet lives
260 ## - PUBLICATION, DISTRIBUTION, ETC.
Date of publication, distribution, etc. 2008
490 #0 - SERIES STATEMENT
Series statement Building
Volume/sequential designation 273(8520) 20 March 2008, 54-56(3)
520 ## - SUMMARY, ETC.
Summary, etc. Looks at the data centre market and some of the issues influencing the construction of data centres. Emphasises the high costs of building data centres, noting that two thirds of the cost of each data centre is spent on M&E contractors. Key points to consider when building data centres include security, technological requirements, sustainability, and terrorism. Lists the main players in the data centre market and summarises the main requirements of a major build.
590 ## - LOCAL NOTE (RLIN)
Local note KA
651 #4 - SUBJECT ADDED ENTRY--GEOGRAPHIC NAME
Geographic name United Kingdom
Chronological subdivision
690 ## - LOCAL SUBJECT ADDED ENTRY--TOPICAL TERM (OCLC, RLIN)
Topical term or geographic name as entry element BUILT ENVIRONMENT
942 ## - ADDED ENTRY ELEMENTS (KOHA)
Suppress in OPAC 0
Holdings
Withdrawn status Lost status Source of classification or shelving scheme Damaged status Not for loan Home library Current library Shelving location Date acquired Total Checkouts Full call number Barcode Date last seen Copy number Price effective from Koha item type
    Dewey Decimal Classification     London London Journal article 01/04/2008   L143002 143002-1001 06/08/2019 1 06/08/2019 Journal article